000 00507nam a2200169Ia 4500
003 IN-BaIIA
008 211028s9999 xx 000 0 eng d
020 _a0-444-50305-6
040 _cIIA Library
080 _a047.1:535
_bPRO-40
245 0 _aProgress in optics
_bvol 40
_cedited by E. Wolf
260 _aAmsterdam, Netherlands
_bElsevier
_c2000
300 _axiii, 480p
650 _aAstrophysics: Optics
_923718
700 _aWolf, E., ed.,
_93849
942 _cBK
999 _c13530
_d13530